Paradas Metro Valencia Actualizado 2025 - Estadísticas

Estadísticas generales
  • Esta prueba ha sido intentada 243 veces
  • La puntuación promedio es 99 de 221
Estadísticas de respuestas
Respuesta % Correcto
Ángel Guimerà
90%
Àngel Guimerà
90%
Colon
87%
Colón
87%
Xàtiva
87%
Alameda
80%
Benimaclet
79%
Torrent
77%
Lliria
76%
Aeroport
74%
Jesús
74%
Marítim
74%
Turia
73%
Túria
73%
Burjassot
71%
Empalme
71%
Aragó
70%
Bétera
70%
Facultats Manuel Brosseta
70%
Campanar
69%
Amistat
68%
Plaça Espanya
68%
Alacant
63%
Bailén
63%
Mislata
63%
Paiporta
63%
Castelló
61%
Paterna
61%
Patraix
61%
Torrent Av
61%
Ayora
60%
Rafelbunyol
60%
Av del Cid
59%
Manises
57%
Beniferri
56%
València Sud
55%
Valencia Sud
55%
Godella
54%
Nou d'Octubre
54%
Pont de Fusta
54%
Reus
54%
Picanya
53%
Machado
51%
Moncada-Alfara
51%
U Politècnica
51%
Safranar
50%
Tarongers Ernest Lluch
49%
Les Carolines-Fira
48%
Nazaret
47%
Dr Lluch
46%
Roses
46%
Seminari-Ceu
46%
Alboraia Peris Aragó
45%
Benimàmet
45%
La Carrasca
45%
Quart de Poblet
45%
V Zaragozá
44%
Benicalap
43%
Sant Isidre
43%
Picassent
42%
Burjassot-Godella
41%
L'Eliana
41%
V Zaragozá
41%
Foios
40%
Massamagrell
40%
Massarrojos
40%
Rocafort
40%
Russafa
40%
Platja Malva-Rosa
38%
La Cadena
37%
Neptú
37%
Beteró
36%
Oceanogràfic
36%
Alboraia Palmaret
35%
Mas del Rosari
35%
Meliana
35%
Marxalenes
34%
Museros
34%
Almàssera
33%
Cabanyal
33%
Mislata Almassil
33%
Orriols
33%
Av del Cid
32%
Benaguasil
32%
Faitanar
32%
La coma
32%
Sagunt
32%
Salt de l'Aigua
32%
Tossal del Rei
32%
À punt
31%
La Canyada
30%
Salt de l'Aigua
30%
Ciutat Arts i Ciencies-Justicia
29%
La Granja
29%
Trinitat
29%
Carlet
27%
Estadi Ciutat de València
27%
Fuente del Jarro
27%
La Pobla de Farnals
27%
Palau de Congressos
27%
Platja les Arenes
27%
Campus
26%
L'Alcúdia
26%
Riba-roja de Túria
26%
Albalat dels Sorells
24%
Campament
24%
Facultats Manuel Brosseta
24%
Horta Vella
24%
Florista
23%
La Pobla de Vallbona
23%
Trànsits
23%
Canyamelar
22%
Alberic
21%
Alginet
21%
Col·legi El Vedat
21%
Garbí
21%
Alfauir
20%
Quatre Carreres
20%
Santa Rita
20%
V A Estellés
20%
La Cova
19%
Fira València
18%
Parc Científic
18%
Sant Joan
18%
Amado Granell Montolivet
16%
Francesc Cubells
16%
La Presa
16%
Omet
16%
Sant Miquel dels Reis
16%
Entrepins
15%
Espioca
15%
Fondo de Benaguasil
15%
Grau La Marina
15%
La Vallesa
15%
Benimodo
14%
Ausiàs March
13%
Lloma llarga Terramelar
13%
Tomas y Valiente
13%
València la Vella
13%
Gallipont-Torre del Virrei
12%
Masia de Traver
12%
Realón
12%
Moreres
10%
Montortal
9%
Sant Ramon
9%
Font Almaguer
8%
Cantereira
4%
Massalvés
3%
Xàtixa
3%
MontesolEl Clot
2%
Quart de Ponlet
1%
No se encontraron pruebas coincidentes
Distribución de puntuación
Porcentaje de gente con cada puntuación
Porcentaje por número respondido
Historial de tus puntuaciones
No has intentado esta prueba.